[Event "34th Rilton Cup"]
[Site "Stockholm SWE"]
[Date "2004.12.28"]
[Round "2.22"]
[White "Berg, Emanuel"]
[Black "Ullen, Jan"]
[Result "1-0"]
[WhiteElo "2529"]
[BlackElo "2128"]
[EventDate "2004.12.27"]
[PlyCount "83"]

1.e4 e5 2.Nf3 Nc6 3.Bb5 f5 4.Nc3 fxe4 5.Nxe4 d5 6.Nxe5 dxe4 7.Nxc6 Qg5 8.
Qe2 Nf6 9.f4 Qxf4 10.Ne5+ c6 11.d4 Qh4+ 12.g3 Qh3 13.Bc4 Be6 14.Bg5 Bd6 
15.Bxf6 gxf6 16.Bxe6 Qxe6 17.Qg4 Qxg4 18.Nxg4 f5 19.Ne3 O-O 20.Ke2 f4 21.
gxf4 Rxf4 22.Raf1 Rxf1 23.Rxf1 Bxh2 24.Ng4 Bc7 25.Nf6+ Kg7 26.Nxh7 Bb6 27.
Ng5 Kg6 28.Ne6 Rh8 29.Rf2 Re8 30.Nf4+ Kg5 31.Ke3 Kg4 32.Rg2+ Kf5 33.Nh5 
Rd8 34.Ng3+ Ke6 35.Ne2 Kf5 36.Rf2+ Kg4 37.Kxe4 Re8+ 38.Kd3 c5 39.Rf4+ Kg5 
40.Re4 c4+ 41.Ke3 Rh8 42.Re7 1-0

[Event "34th Rilton Cup"]
[Site "Stockholm SWE"]
[Date "2004.12.28"]
[Round "2.23"]
[White "Azizi, Haroon"]
[Black "Aakesson, Ralf"]
[Result "0-1"]
[WhiteElo "2124"]
[BlackElo "2472"]
[EventDate "2004.12.27"]
[PlyCount "52"]

1.e4 c5 2.Nf3 e6 3.d3 Nc6 4.g3 d5 5.Nbd2 Bd6 6.Bg2 Nge7 7.O-O O-O 8.Re1 
Bc7 9.a3 d4 10.Nb3 b6 11.e5 Rb8 12.c3 dxc3 13.bxc3 c4 14.Nbd4 cxd3 15.Bg5 
Qd7 16.Qxd3 Ng6 17.Qc4 Ncxe5 18.Nxe5 Nxe5 19.Rxe5 Bxe5 20.Nc6 f6 21.Be3 
Bb7 22.f4 Rbc8 23.fxe5 Bxc6 24.Bh3 Bd5 25.Qe2 fxe5 26.Qh5 Qd6 0-1

[Event "34th Rilton Cup"]
[Site "Stockholm SWE"]
[Date "2004.12.28"]
[Round "2.24"]
[White "Handke, Florian"]
[Black "Miloradovic, Jelena"]
[Result "1-0"]
[WhiteElo "2467"]
[BlackElo "2133"]
[EventDate "2004.12.27"]
[PlyCount "63"]

1.d4 d5 2.c4 c6 3.Nf3 Nf6 4.Nc3 a6 5.h3 e6 6.c5 b6 7.cxb6 Nbd7 8.g3 Nxb6 
9.Bg2 Bd6 10.O-O O-O 11.b3 c5 12.Ba3 c4 13.Bc5 cxb3 14.axb3 Rb8 15.Ne5 Qc7
16.b4 Nfd7 17.Nd3 Nc4 18.e4 Bxc5 19.bxc5 dxe4 20.Nxe4 a5 21.Qc2 Ba6 22.
Rfc1 h6 23.Ra4 f5 24.Nc3 Rfc8 25.Qa2 Kh8 26.Rxc4 Nb6 27.Ne5 Nxc4 28.Nxc4 
Rb4 29.Nd6 Rf8 30.Qxe6 Rxd4 31.Ndb5 Bxb5 32.Nxb5 1-0

[Event "34th Rilton Cup"]
[Site "Stockholm SWE"]
[Date "2004.12.28"]
[Round "2.26"]
[White "Molander, Riku"]
[Black "Cleanthous, Demetris"]
[Result "1-0"]
[WhiteElo "2328"]
[BlackElo "2051"]
[EventDate "2004.12.27"]
[PlyCount "85"]

1.e4 c5 2.c3 d5 3.exd5 Qxd5 4.d4 Nf6 5.Nf3 e6 6.Be3 cxd4 7.cxd4 Bb4+ 8.Nc3
O-O 9.Bd3 Nc6 10.O-O Bxc3 11.bxc3 Qh5 12.Rb1 a6 13.c4 h6 14.h3 Re8 15.Ne5 
Qxd1 16.Rfxd1 Nxe5 17.dxe5 Nd7 18.f4 f6 19.Bg6 Rf8 20.exf6 Rxf6 21.Be8 Nf8
22.Rd8 Kh7 23.Ba4 Rf7 24.Rbd1 b5 25.cxb5 axb5 26.Bxb5 Bb7 27.Rxa8 Bxa8 28.
Rd8 Be4 29.a4 Ng6 30.Rd7 Re7 31.a5 Bd5 32.a6 Rxd7 33.Bxd7 Ne7 34.a7 Ba8 
35.Bxe6 Kg6 36.Bd4 Nf5 37.Be5 Ng3 38.Kf2 Ne4+ 39.Ke3 Ng3 40.Kd4 Nf5+ 41.
Kc5 Ne7 42.Bd6 Kf6 43.Bd7 1-0

[Event "34th Rilton Cup"]
[Site "Stockholm SWE"]
[Date "2004.12.28"]
[Round "2.31"]
[White "Wilsbeck, Jan Boerge"]
[Black "Lappalainen, Tommy"]
[Result "0-1"]
[WhiteElo "1947"]
[BlackElo "2188"]
[EventDate "2004.12.27"]
[PlyCount "90"]

1.e4 e6 2.d4 d5 3.Nd2 dxe4 4.Nxe4 Bd7 5.Nf3 Bc6 6.Bd3 Nd7 7.O-O Be7 8.c3 
Ngf6 9.Nxf6+ Bxf6 10.Re1 O-O 11.Ne5 Nxe5 12.dxe5 Qd5 13.Be4 Qxd1 14.Rxd1 
Bxe5 15.Bxc6 bxc6 16.Be3 Rfb8 17.Rd2 Rb5 18.f4 Bf6 19.Rc1 Rd5 20.Rcd1 a6 
21.c4 Rxd2 22.Rxd2 Rd8 23.Rxd8+ Bxd8 24.Bc5 g5 25.fxg5 Bxg5 26.g4 Kg7 27.
Kf2 Bf4 28.h3 Kf6 29.Kf3 Ke5 30.b3 Bg5 31.Bf2 f5 32.Bc5 h5 33.gxf5 Kxf5 
34.a4 e5 35.b4 e4+ 36.Kf2 Ke5 37.a5 Bd2 38.b5 cxb5 39.cxb5 Kd5 40.bxa6 Kc6
41.Be3 Bxa5 42.Kg3 Bb6 43.Bd2 Kb5 44.Kf4 e3 45.Be1 Kxa6 0-1

[Event "34th Rilton Cup"]
[Site "Stockholm SWE"]
[Date "2004.12.28"]
[Round "2.34"]
[White "Dalmau, Juan"]
[Black "Aadahl, Mattias"]
[Result "0-1"]
[WhiteElo "2055"]
[BlackElo "2164"]
[EventDate "2004.12.27"]
[PlyCount "78"]

1.e4 c5 2.Nf3 e6 3.d4 cxd4 4.Nxd4 a6 5.Be2 Qc7 6.O-O Bd6 7.h3 Nc6 8.Be3 
Nf6 9.Nc3 Bb4 10.Qd3 Ne5 11.Ncb5 axb5 12.Nxb5 Qb8 13.Qb3 Ba5 14.f4 Nc6 15.
e5 Nd5 16.Bc5 Bc7 17.c4 Nde7 18.Bf3 O-O 19.Bxc6 Nxc6 20.Bxf8 Kxf8 21.Nxc7 
Qxc7 22.c5 Ne7 23.Rac1 Nd5 24.a3 Kg8 25.Qd3 b6 26.Qb5 Ba6 27.Qa4 bxc5 28.
Rfd1 c4 29.Kh1 h6 30.Rd4 Qb7 31.Qc2 Rb8 32.Rd2 Nxf4 33.Rd6 Nd3 34.Rb1 Nxe5
35.Qa4 Bb5 36.Qa5 f6 37.Qd2 Bc6 38.Qe2 Qb3 39.Kh2 c3 0-1

[Event "34th Rilton Cup"]
[Site "Stockholm SWE"]
[Date "2004.12.28"]
[Round "2.35"]
[White "Palmblad, Jan-Peter"]
[Black "Jensen, Leif Haugaard"]
[Result "1/2-1/2"]
[WhiteElo "2148"]
[BlackElo "2067"]
[EventDate "2004.12.27"]
[PlyCount "120"]

1.e4 e6 2.d4 d5 3.Nc3 dxe4 4.Nxe4 Bd7 5.Nf3 Bc6 6.Bd3 Bxe4 7.Bxe4 c6 8.O-O
Nf6 9.Bd3 Bd6 10.Ne5 Nbd7 11.Qe2 Qc7 12.f4 O-O 13.g4 c5 14.g5 Nd5 15.Bxh7+
Kxh7 16.Qh5+ Kg8 17.Rf3 N7f6 18.gxf6 Nxf6 19.Qh4 Rfe8 20.Rg3 Ne4 21.Rh3 
Kf8 22.Qh8+ Ke7 23.Qxg7 Rg8 24.Ng6+ Kd7 25.Qxf7+ Kc6 26.Qxe6 Rae8 27.d5+ 
Kb6 28.Qg4 Qc8 29.Rb3+ Ka5 30.Qxc8 Rxg6+ 31.Rg3 Rxg3+ 32.hxg3 Rxc8 33.Kg2 
Rg8 34.Kf3 Nf6 35.c4 Kb4 36.b3 Kc3 37.Be3 Kb2 38.Rh1 Ng4 39.Bd2 Kxa2 40.
Rh7 Kxb3 41.Rxb7+ Kxc4 42.Rxa7 Kxd5 43.Rf7 Ke6 44.Rh7 Nf6 45.Rh6 Bf8 46.
Rh1 Be7 47.Re1+ Kf7 48.Bc3 Rb8 49.Be5 Rb3+ 50.Re3 Rxe3+ 51.Kxe3 Ng4+ 52.
Ke4 Nxe5 53.Kxe5 Kg6 54.g4 Bf8 55.Kd5 Kf6 56.Ke4 Ke6 57.g5 Be7 58.f5+ Kd6 
59.f6 Bxf6 60.gxf6 Ke6 1/2-1/2

[Event "34th Rilton Cup"]
[Site "Stockholm SWE"]
[Date "2004.12.28"]
[Round "2.38"]
[White "Horn, Emilia"]
[Black "Hansson, Haakan"]
[Result "1/2-1/2"]
[WhiteElo "2046"]
[BlackElo "2137"]
[EventDate "2004.12.27"]
[PlyCount "36"]

1.e4 c6 2.d4 d5 3.Nc3 dxe4 4.Nxe4 Nd7 5.Nf3 Ngf6 6.Ng3 e6 7.Be2 Bd6 8.O-O 
Qc7 9.c4 b6 10.b3 Bb7 11.Bb2 h5 12.c5 bxc5 13.dxc5 Bxc5 14.Ng5 Be7 15.N3e4
c5 16.Nxf6+ Bxf6 17.Bxf6 Nxf6 18.Rc1 Rd8 1/2-1/2

[Event "34th Rilton Cup"]
[Site "Stockholm SWE"]
[Date "2004.12.28"]
[Round "2.39"]
[White "Todorovic, Zoran"]
[Black "Hoerbing, Stefan"]
[Result "1/2-1/2"]
[WhiteElo "2134"]
[BlackElo "2031"]
[EventDate "2004.12.27"]
[PlyCount "64"]

1.e4 c5 2.Nf3 e6 3.d4 cxd4 4.Nxd4 a6 5.Bd3 Nf6 6.O-O Qc7 7.Be3 Nc6 8.Nxc6 
dxc6 9.a4 a5 10.Nd2 e5 11.Nc4 Be6 12.Bb6 Qb8 13.Qe1 Bb4 14.c3 Bxc4 15.Bxc4
Be7 16.b4 axb4 17.cxb4 O-O 18.f3 Qd6 19.Bc5 Qc7 20.Bf2 b5 21.axb5 Rxa1 22.
Qxa1 cxb5 23.Bxb5 Bxb4 24.Rc1 Qe7 25.Qa4 h6 26.Rc4 Bd6 27.g3 Ne8 28.Rc8 
Nc7 29.Rxf8+ Qxf8 30.Bc4 Bc5 31.Qc6 Bxf2+ 32.Kxf2 Qe7 1/2-1/2

[Event "34th Rilton Cup"]
[Site "Stockholm SWE"]
[Date "2004.12.28"]
[Round "2.40"]
[White "Namini, Armin"]
[Black "Lardot, Derik"]
[Result "1-0"]
[WhiteElo "2132"]
[BlackElo "2029"]
[EventDate "2004.12.27"]
[PlyCount "59"]

1.d4 f5 2.g3 g6 3.Bg2 Nf6 4.Nf3 Bg7 5.O-O d6 6.c4 O-O 7.Nc3 Qe8 8.d5 c6 9.
Rb1 Kh8 10.b3 Nxd5 11.Nxd5 cxd5 12.cxd5 Nd7 13.Bb2 Nf6 14.Rc1 b6 15.Nd4 
Bd7 16.Qd3 Qf7 17.Ne6 Rfc8 18.e4 fxe4 19.Bxe4 Rxc1 20.Rxc1 Rc8 21.Rxc8+ 
Bxc8 22.Nxg7 Kxg7 23.Qc4 Bf5 24.Bf3 e5 25.dxe6 Bxe6 26.Qd4 d5 27.Qe5 h6 
28.h4 g5 29.hxg5 hxg5 30.Qxg5+ 1-0

[Event "34th Rilton Cup"]
[Site "Stockholm SWE"]
[Date "2004.12.28"]
[Round "2.42"]
[White "Duenas, Alexis"]
[Black "Kafka, Graeme"]
[Result "1/2-1/2"]
[WhiteElo "1987"]
[BlackElo "2122"]
[EventDate "2004.12.27"]
[PlyCount "76"]

1.d4 d5 2.c4 c6 3.cxd5 cxd5 4.Bf4 Nf6 5.Nc3 Nc6 6.e3 Bf5 7.Qb3 Na5 8.Bb5+ 
Bd7 9.Qa4 e6 10.Bg5 Nc6 11.Qd1 Be7 12.Nf3 Qb6 13.Qe2 O-O 14.O-O Rfd8 15.
Ne5 Be8 16.Bd3 Rdc8 17.Rfc1 Qd8 18.Nxc6 Rxc6 19.Rc2 a6 20.Rac1 Rac8 21.a3 
h6 22.Bf4 Qa5 23.Nb1 Rxc2 24.Rxc2 Rxc2 25.Bxc2 Bb5 26.Qd1 Bd7 27.h3 Qb6 
28.Qd2 Ne4 29.Bxe4 dxe4 30.Qc3 Qc6 31.Qxc6 Bxc6 32.Nc3 Kf8 33.Bc7 Ke8 34.
Bb6 Kd7 35.Bc5 Bf6 36.Bf8 Ke8 37.Bd6 Kd7 38.Bf8 Ke8 1/2-1/2

[Event "34th Rilton Cup"]
[Site "Stockholm SWE"]
[Date "2004.12.28"]
[Round "2.45"]
[White "Agrest, Roman"]
[Black "Penttilae, Tero"]
[Result "1-0"]
[WhiteElo "2107"]
[BlackElo "2006"]
[EventDate "2004.12.27"]
[PlyCount "51"]

1.b4 c6 2.c4 e6 3.Bb2 Nf6 4.Qb3 d5 5.e3 Nbd7 6.Nf3 Qc7 7.Nc3 dxc4 8.Bxc4 
Bd6 9.Rc1 O-O 10.Bxe6 fxe6 11.Nb5 Qb8 12.Qxe6+ Kh8 13.Nxd6 Nc5 14.Qe7 Nd3+
15.Kf1 Bg4 16.Ne5 Nxb2 17.h3 Qd8 18.Ndf7+ Kg8 19.Nxd8 Raxd8 20.hxg4 Rde8 
21.Qc5 Ne4 22.Qc2 Ng3+ 23.Kg1 Ne2+ 24.Kh2 Rxe5 25.Qxb2 Rf6 26.Qxe5 1-0

[Event "34th Rilton Cup"]
[Site "Stockholm SWE"]
[Date "2004.12.28"]
[Round "2.47"]
[White "Janse, Love"]
[Black "Oerndahl, Markus"]
[Result "1/2-1/2"]
[WhiteElo "2100"]
[BlackElo "1983"]
[EventDate "2004.12.27"]
[PlyCount "216"]

1.e4 d6 2.Nc3 Nf6 3.f4 e5 4.Bc4 Nc6 5.Nf3 Be7 6.O-O O-O 7.d3 Bg4 8.h3 Bxf3
9.Qxf3 Nd4 10.Qd1 c6 11.Ne2 Nxe2+ 12.Qxe2 Nd7 13.f5 Bg5 14.Bxg5 Qxg5 15.
Rf3 a5 16.a4 Nf6 17.Kh2 Nh5 18.Qf2 Kh8 19.h4 Qg4 20.g3 Nf6 21.Bb3 Qh5 22.
Qg2 Qh6 23.Kh3 g5 24.fxg6 fxg6 25.Raf1 Nd7 26.Rf7 Rad8 27.R1f3 Rxf7 28.
Rxf7 g5 29.Qf2 gxh4 30.gxh4 Rf8 31.Rxf8+ Nxf8 32.Qf5 Qe3+ 33.Kg4 Qe2+ 34.
Kg5 Qg2+ 35.Kh5 Qg7 36.Bf7 b5 37.b3 b4 38.Be8 Qe7 39.Bxc6 Ne6 40.Qf2 Nf4+ 
41.Kg4 h5+ 42.Kf3 Qf6 43.Ke3 Qh6 44.Kf3 Ne6 45.Kg2 Qg6+ 46.Qg3 Qh6 47.Qf2 
Nf4+ 48.Kh2 Qe6 49.Qg3 Qc8 50.Bd5 Qxc2+ 51.Kh1 Qc8 52.Bc4 Kh7 53.Kh2 Qd8 
54.Bf7 Kh6 55.Bc4 Qf6 56.Qf2 Qe7 57.Qg3 Ng6 58.Kh3 Qf6 59.Bd5 Qf1+ 60.Kh2 
Qe2+ 61.Kg1 Qg4 62.Qxg4 hxg4 63.Be6 Nxh4 64.Bxg4 Kg5 65.Be6 Nf3+ 66.Kf2 
Kf4 67.Bf7 Nd4 68.Bc4 Nc6 69.Ba6 Ne7 70.Bc4 Nc8 71.Bf7 Nb6 72.Be6 Na8 73.
Bd5 Nc7 74.Bc4 Ne8 75.Bd5 Nf6 76.Be6 Ne8 77.Bd5 Ng7 78.Bc4 Nh5 79.Be6 Nf6 
80.Bf7 Nd7 81.Bd5 Nc5 82.Bc4 Kg5 83.Kg3 Kf6 84.Kh4 Ke7 85.Kg5 Nd7 86.Bd5 
Nb6 87.Bc4 d5 88.exd5 Kd6 89.Kf5 Nxd5 90.Ke4 Ne7 91.Bf7 Nc6 92.Bd5 Nb8 93.
d4 exd4 94.Kxd4 Nd7 95.Bg2 Nb6 96.Bf3 Nd7 97.Bh1 Ne5 98.Be4 Nd7 99.Kc4 Nc5
100.Bg2 Nd7 101.Kb5 Nc5 102.Kxa5 Nxb3+ 103.Kxb4 Nd4 104.Ka5 Kc7 105.Ka6 
Ne6 106.a5 Nd4 107.Ka7 Nb3 108.a6 Nc5 1/2-1/2

[Event "34th Rilton Cup"]
[Site "Stockholm SWE"]
[Date "2004.12.28"]
[Round "2.49"]
[White "McGowan, Daniel"]
[Black "Helin, Mikael"]
[Result "1-0"]
[WhiteElo "2098"]
[BlackElo "1961"]
[EventDate "2004.12.27"]
[PlyCount "83"]

1.e4 c5 2.c3 d6 3.d4 Nf6 4.dxc5 Nc6 5.f3 d5 6.exd5 Nxd5 7.Bc4 e6 8.Bxd5 
exd5 9.Be3 Be7 10.Ne2 Bh4+ 11.g3 Qe7 12.Kf2 Bf6 13.Qxd5 Be6 14.Qd6 O-O 15.
Qxe7 Bxe7 16.Na3 Ne5 17.Rhd1 Bf5 18.Nf4 Rfd8 19.Rxd8+ Rxd8 20.Bd4 f6 21.b4
g5 22.Ne2 h5 23.Bxe5 fxe5 24.Nc4 g4 25.Nxe5 Bf6 26.f4 Rd2 27.Ke3 Rd5 28.
Nd4 Bh7 29.Nc4 Rd7 30.Re1 b5 31.cxb6 axb6 32.Nxb6 Rd6 33.Nc4 Rd7 34.Ne5 
Ra7 35.Ra1 Rc7 36.Kd2 Bxe5 37.fxe5 Rf7 38.a4 Rf2+ 39.Ke3 Rxh2 40.a5 h4 41.
a6 Bb1 42.a7 1-0

[Event "34th Rilton Cup"]
[Site "Stockholm SWE"]
[Date "2004.12.28"]
[Round "2.51"]
[White "Dalmau, Anneli"]
[Black "Ozga, Magdalena"]
[Result "1-0"]
[WhiteElo "2087"]
[BlackElo "1911"]
[EventDate "2004.12.27"]
[PlyCount "139"]

1.e4 e6 2.d4 d5 3.exd5 exd5 4.Nf3 Nf6 5.c4 c6 6.Nc3 Be7 7.Bd3 O-O 8.O-O 
dxc4 9.Bxc4 Nbd7 10.Ne5 Nb6 11.Bd3 Kh8 12.Bc2 Nbd5 13.Nxd5 cxd5 14.Qd3 h6 
15.Bf4 Be6 16.Rae1 Rc8 17.Ng6+ fxg6 18.Rxe6 Ne4 19.Be5 Qe8 20.Qh3 Kg8 21.
Bxe4 dxe4 22.Qb3 Kh7 23.Qxb7 Qf7 24.Rc6 Rxc6 25.Qxc6 e3 26.f4 Bf6 27.Qe4 
Qxa2 28.Qxe3 Qd5 29.Qf3 Qd7 30.Qa3 Rc8 31.Re1 Re8 32.Qc5 Be7 33.Qc7 Qe6 
34.Qc3 Qf7 35.b3 Rf8 36.Qc4 Bf6 37.b4 Rd8 38.Kf1 Qd7 39.Bxf6 gxf6 40.Rd1 
Qd5 41.Qc7+ Qd7 42.Qc4 Qd5 43.Qxd5 Rxd5 44.Ke2 Kg7 45.Kd3 Kf7 46.Kc4 Ke6 
47.Re1+ Kd6 48.Ra1 Rf5 49.g3 g5 50.fxg5 hxg5 51.Ra6+ Kc7 52.Rxa7+ Kb6 53.
Ra2 Rf1 54.Rd2 Rc1+ 55.Kd5 Re1 56.Rf2 Kb5 57.Rxf6 g4 58.Re6 Rd1 59.Re4 Rd2
60.Rxg4 Rxh2 61.Rg8 Rh5+ 62.Ke4 Kxb4 63.Rb8+ Kc4 64.Rc8+ Kb5 65.Rc5+ Rxc5 
66.dxc5 Kxc5 67.Ke5 Kc6 68.Ke6 Kc7 69.g4 Kd8 70.Kf7 1-0

[Event "34th Rilton Cup"]
[Site "Stockholm SWE"]
[Date "2004.12.29"]
[Round "3.1"]
[White "Volkov, Sergei"]
[Black "Bellon Lopez, Juan Manuel"]
[Result "1-0"]
[WhiteElo "2628"]
[BlackElo "2425"]
[EventDate "2004.12.27"]
[PlyCount "123"]

1.d4 d5 2.c4 e6 3.Nf3 c6 4.e3 Bb4+ 5.Bd2 Bxd2+ 6.Nbxd2 f5 7.Bd3 Nf6 8.O-O 
O-O 9.b4 Ne4 10.a4 Qe7 11.b5 a6 12.Qb3 Kh8 13.Rfc1 Bd7 14.bxa6 Nxa6 15.c5 
Bc8 16.Bxa6 Nxd2 17.Nxd2 Rxa6 18.Qc3 Qc7 19.a5 Bd7 20.Rcb1 Rfa8 21.Rb6 
R6a7 22.Nf3 Kg8 23.Ne5 Bc8 24.g3 Ra6 25.Kg2 Kf8 26.Nd3 R6a7 27.Ra4 Kg8 28.
Qa1 Bd7 29.Nb4 Qc8 30.Nd3 Qc7 31.Qa2 Bc8 32.Ne5 Ra6 33.h3 Kf8 34.Qd2 Kg8 
35.Ra1 R6a7 36.g4 Ra6 37.g5 Qd8 38.h4 Qe8 39.Kg3 Qe7 40.Qc3 Qe8 41.Nd3 Qf7
42.f3 Qc7+ 43.Kg2 Qf7 44.Qe1 Qc7 45.Rxa6 Rxa6 46.Qg3 Qxg3+ 47.Kxg3 Kf8 48.
Kf4 Ke7 49.Ke5 Bd7 50.Nf4 Ra8 51.Nh5 Rf8 52.Nxg7 f4 53.exf4 Rf7 54.f5 exf5
55.Nh5 Bc8 56.Kf4 Rf8 57.Re1+ Kf7 58.Ng3 Bd7 59.h5 Ra8 60.Nxf5 Bxf5 61.
Kxf5 Rxa5 62.g6+ 1-0

[Event "34th Rilton Cup"]
[Site "Stockholm SWE"]
[Date "2004.12.29"]
[Round "3.2"]
[White "Aagaard, Jacob"]
[Black "Khenkin, Igor"]
[Result "1/2-1/2"]
[WhiteElo "2431"]
[BlackElo "2587"]
[EventDate "2004.12.27"]
[PlyCount "72"]

1.e4 c5 2.Nf3 Nc6 3.d4 cxd4 4.Nxd4 Nf6 5.Nc3 e6 6.Ndb5 Bb4 7.a3 Bxc3+ 8.
Nxc3 d5 9.exd5 exd5 10.Bd3 O-O 11.O-O d4 12.Ne2 Bg4 13.f3 Bh5 14.b4 Qb6 
15.Nf4 Bg6 16.Nxg6 hxg6 17.f4 Ne7 18.Bd2 Nf5 19.Qf3 Rac8 20.Rae1 Qc6 21.
Re5 Qxf3 22.Rxf3 Rfe8 23.Rxe8+ Rxe8 24.Bxf5 gxf5 25.Rd3 Rc8 26.c3 dxc3 27.
Bxc3 Ne4 28.Be1 Rc7 29.Rd5 g6 30.Kf1 f6 31.a4 Kf7 32.h4 Ke6 33.Rd8 a6 34.
Rg8 Kf7 35.Rh8 Kg7 36.Rb8 Kf7 1/2-1/2

[Event "34th Rilton Cup"]
[Site "Stockholm SWE"]
[Date "2004.12.29"]
[Round "3.3"]
[White "Ulybin, Mikhail"]
[Black "Hermansson, Emil"]
[Result "1/2-1/2"]
[WhiteElo "2556"]
[BlackElo "2414"]
[EventDate "2004.12.27"]
[PlyCount "27"]

1.e4 c6 2.d4 d5 3.exd5 cxd5 4.c4 Nf6 5.Nc3 e6 6.Nf3 Bb4 7.cxd5 Nxd5 8.Qc2 
Qc7 9.Bd2 Nd7 10.Rc1 Bxc3 11.bxc3 N5f6 12.Bd3 b6 13.c4 Bb7 14.Be2 1/2-1/2

[Event "34th Rilton Cup"]
[Site "Stockholm SWE"]
[Date "2004.12.29"]
[Round "3.7"]
[White "Palo, Davor"]
[Black "Couso, Luis"]
[Result "1/2-1/2"]
[WhiteElo "2526"]
[BlackElo "2339"]
[EventDate "2004.12.27"]
[PlyCount "129"]

1.d4 d5 2.c4 c6 3.Nf3 Nf6 4.Nc3 a6 5.c5 Nbd7 6.Bf4 Nh5 7.Bd2 Nhf6 8.b4 g6 
9.e3 Bg7 10.Bd3 Qc7 11.Ne2 O-O 12.Bc3 e5 13.Bc2 e4 14.Nd2 Re8 15.Nb3 Nf8 
16.Qd2 Nh5 17.O-O-O f5 18.Kb2 Ne6 19.Ng3 Nf6 20.f4 exf3 21.gxf3 f4 22.exf4
Nxf4 23.h4 N6h5 24.Nxh5 Nxh5 25.Nc1 b6 26.cxb6 Qxb6 27.Nb3 Ra7 28.Rhe1 Rf8
29.Rf1 Raf7 30.Rde1 Qd8 31.Na5 Qd6 32.Bd1 Rf4 33.Nb3 Rxh4 34.Rf2 Nf4 35.
Nc5 Bh6 36.Qc2 Bf5 37.Qb3 Nd3+ 38.Nxd3 Bxd3 39.Be2 Qg3 40.Rff1 Rh2 41.Qd1 
Bxe2 42.Rxe2 Rxf3 43.Rxh2 Qxh2+ 44.Kb3 Re3 45.Re1 Qf2 46.Rxe3 Bxe3 47.Qd3 
Qf3 48.a4 Kg7 49.Bb2 Qg3 50.Ka2 Qf2 51.Ka3 Bd2 52.Qxa6 Bxb4+ 53.Kb3 Bd2 
54.a5 Bxa5 55.Qxa5 Qf7 56.Qd8 h6 57.Ba3 g5 58.Bd6 Kg6 59.Be5 Qe6 60.Qf8 h5
61.Qg7+ Kf5 62.Qh7+ Qg6 63.Qd7+ Qe6 64.Qh7+ Qg6 65.Qd7+ 1/2-1/2

[Event "34th Rilton Cup"]
[Site "Stockholm SWE"]
[Date "2004.12.29"]
[Round "3.8"]
[White "Poley, Vladimir"]
[Black "Cramling, Pia"]
[Result "1/2-1/2"]
[WhiteElo "2402"]
[BlackElo "2477"]
[EventDate "2004.12.27"]
[PlyCount "109"]

1.f4 d5 2.Nf3 g6 3.e3 Bg7 4.Be2 Nf6 5.O-O O-O 6.b3 Ne4 7.d4 Nd7 8.Bb2 c6 
9.c4 Ndf6 10.Na3 Bg4 11.Qe1 Ne8 12.Bd3 Bxf3 13.Rxf3 N8d6 14.Nc2 e6 15.c5 
Nc8 16.b4 b6 17.Rb1 a5 18.cxb6 Qxb6 19.bxa5 Qxa5 20.Qxa5 Rxa5 21.Bxe4 dxe4
22.Rff1 Rxa2 23.Nb4 Ra4 24.Nxc6 Nb6 25.Ra1 Rfa8 26.Rxa4 Rxa4 27.Ra1 Rxa1+ 
28.Bxa1 Na4 29.Kf2 Kf8 30.Ke2 Ke8 31.Kd2 Kd7 32.Nb4 Bf8 33.Na2 Kc6 34.Kc2 
Nb6 35.Bb2 Nd5 36.Bc1 Kb5 37.Nc3+ Nxc3 38.Kxc3 Bb4+ 39.Kc2 Kc4 40.Bb2 h6 
41.Bc1 f5 42.g3 h5 43.Bb2 Be7 44.Bc3 g5 45.fxg5 Bxg5 46.Bd2 Bh6 47.Bc1 Bf8
48.Bd2 Bh6 49.Bc1 Bf8 50.Bd2 Bd6 51.Ba5 Kb5 52.Bd8 e5 53.dxe5 Bxe5 54.Kd2 
Kc4 55.Ke2 1/2-1/2

[Event "34th Rilton Cup"]
[Site "Stockholm SWE"]
[Date "2004.12.29"]
[Round "3.9"]
[White "Furhoff, Johan"]
[Black "Lyrberg, Patrik"]
[Result "0-1"]
[WhiteElo "2338"]
[BlackElo "2432"]
[EventDate "2004.12.27"]
[PlyCount "79"]

1.e4 e5 2.Nf3 Nc6 3.Bc4 Nf6 4.d4 exd4 5.e5 d5 6.Bb5 Ne4 7.Nxd4 Bd7 8.Bxc6 
bxc6 9.O-O Bc5 10.Be3 Bb6 11.Nd2 Qe7 12.f4 c5 13.N4f3 Nxd2 14.Qxd2 d4 15.
Bf2 Qe6 16.b3 O-O 17.a4 a5 18.c4 Qh6 19.Rae1 Rae8 20.Bg3 c6 21.Qd3 Qg6 22.
Qe2 Bg4 23.Qf2 Bd8 24.Nh4 Qh5 25.h3 Bd7 26.Kh2 f6 27.e6 Rxe6 28.Rxe6 Bxe6 
29.f5 Bd7 30.Bd6 Re8 31.g4 Qh6 32.Bf4 g5 33.fxg6 Qg7 34.gxh7+ Qxh7 35.Kg3 
Re4 36.Re1 f5 37.g5 Be8 38.Rxe4 fxe4 39.Bd6 Qg7 40.Bf4 0-1

[Event "34th Rilton Cup"]
[Site "Stockholm SWE"]
[Date "2004.12.29"]
[Round "3.10"]
[White "Nygren, David"]
[Black "Nybaeck, Tomi"]
[Result "0-1"]
[WhiteElo "2204"]
[BlackElo "2554"]
[EventDate "2004.12.27"]
[PlyCount "79"]

1.e4 d6 2.d4 Nf6 3.Nc3 g6 4.Bf4 c6 5.h3 Qa5 6.Qd2 e5 7.Be3 b5 8.Bd3 Nbd7 
9.Nf3 Bg7 10.O-O Qc7 11.dxe5 dxe5 12.Bxb5 cxb5 13.Nxb5 Qc6 14.Nd6+ Kf8 15.
Ng5 h6 16.Ngxf7 Nxe4 17.Qb4 Nxd6 18.Nxh8 Bxh8 19.Rfd1 Ke7 20.Qh4+ Nf6 21.
Bxh6 Bb7 22.f3 Qb6+ 23.Kh2 Nf5 24.Qg5 Kf7 25.Qd2 Nxh6 26.Qxh6 g5 27.Qxg5 
Rg8 28.Qf5 Qc7 29.Kh1 e4 30.Rd4 exf3 31.Rad1 fxg2+ 32.Kg1 Bc8 33.Qf3 Rg3 
34.Qf4 Qxf4 35.Rxf4 Bxh3 36.Rh4 Bg4 37.Rd3 Rxd3 38.cxd3 Bg7 39.Kxg2 Kg6 
40.Rh1 0-1

[Event "34th Rilton Cup"]
[Site "Stockholm SWE"]
[Date "2004.12.29"]
[Round "3.11"]
[White "Doggers, Peter"]
[Black "Berg, Emanuel"]
[Result "1/2-1/2"]
[WhiteElo "2292"]
[BlackElo "2529"]
[EventDate "2004.12.27"]
[PlyCount "87"]

1.e4 e6 2.d4 d5 3.Nc3 Bb4 4.e5 c5 5.a3 Bxc3+ 6.bxc3 Qc7 7.Qg4 f5 8.Qg3 Ne7
9.Qxg7 Rg8 10.Qxh7 cxd4 11.Ne2 dxc3 12.Qh5+ Ng6 13.Bg5 Qxe5 14.f4 Qg7 15.
Rd1 Nc6 16.Qf3 d4 17.h4 e5 18.Qd5 Nge7 19.Qd6 Kf7 20.fxe5 Qxe5 21.Rxd4 Qg7
22.Bxe7 Re8 23.Rd1 Rxe7 24.Rh3 Be6 25.Re3 Rd8 26.Qc5 Rxd1+ 27.Kxd1 Rd7+ 
28.Ke1 Qg4 29.g3 Nd4 30.Nxd4 Qxd4 31.Qxd4 Rxd4 32.Rxc3 Kf6 33.Bg2 Bd5 34.
Bxd5 Rxd5 35.Rc7 Ra5 36.Rc3 Ra4 37.Ke2 Ke5 38.Kf3 Kf6 39.Kf2 Ke5 40.Kf3 
Kf6 41.Rb3 Rc4 42.Rxb7 Rc3+ 43.Kf4 Rc4+ 44.Kf3 1/2-1/2

[Event "34th Rilton Cup"]
[Site "Stockholm SWE"]
[Date "2004.12.29"]
[Round "3.13"]
[White "Johansson, Viktoria"]
[Black "Handke, Florian"]
[Result "0-1"]
[WhiteElo "2189"]
[BlackElo "2467"]
[EventDate "2004.12.27"]
[PlyCount "68"]

1.d4 d5 2.c4 c6 3.Nf3 Nf6 4.Nc3 a6 5.e3 b5 6.b3 Bg4 7.Be2 e6 8.O-O Nbd7 9.
Qc2 Be7 10.Rd1 O-O 11.e4 b4 12.e5 bxc3 13.exf6 Bxf6 14.Qxc3 c5 15.Ba3 cxd4
16.Qe1 Bxf3 17.Bxf3 Re8 18.g3 dxc4 19.bxc4 Ne5 20.Bxa8 Qxa8 21.Qb4 Nf3+ 
22.Kf1 Rb8 23.Qc5 d3 24.Rxd3 Bxa1 25.Qd6 Be5 26.Qd7 h5 27.Rd1 Nxh2+ 28.Kg1
Nf3+ 29.Kf1 h4 30.c5 Qe4 31.Qd3 Qxd3+ 32.Rxd3 Rb1+ 33.Ke2 h3 34.Kxf3 h2 
0-1

[Event "34th Rilton Cup"]
[Site "Stockholm SWE"]
[Date "2004.12.29"]
[Round "3.14"]
[White "Nyysti, Sampsa"]
[Black "Norberg, Erik"]
[Result "0-1"]
[WhiteElo "2368"]
[BlackElo "2188"]
[EventDate "2004.12.27"]
[PlyCount "72"]

1.e4 g6 2.d4 Bg7 3.Nc3 c6 4.Nf3 d5 5.h3 dxe4 6.Nxe4 Nd7 7.Bc4 Ngf6 8.Nxf6+
Nxf6 9.O-O O-O 10.Re1 Qc7 11.Qe2 e6 12.a4 b6 13.a5 b5 14.Bb3 a6 15.Bd2 c5 
16.dxc5 Qxc5 17.Be3 Qh5 18.c4 bxc4 19.Bxc4 Bb7 20.Bd4 Rfd8 21.Bb6 Rdc8 22.
Rac1 Nd5 23.Qe4 Bxb2 24.Rb1 Bc3 25.Bd4 Bxe1 26.Rxb7 Rxc4 27.g4 Qh6 28.Rxf7
Bxf2+ 29.Kxf2 Kxf7 30.Ne5+ Ke7 31.Nxc4 Qf4+ 32.Qxf4 Nxf4 33.Bc5+ Kf6 34.
Bd4+ Kf7 35.Ne5+ Ke8 36.Kf3 Nd5 0-1

[Event "34th Rilton Cup"]
[Site "Stockholm SWE"]
[Date "2004.12.29"]
[Round "3.16"]
[White "Lappalainen, Tommy"]
[Black "Molander, Riku"]
[Result "0-1"]
[WhiteElo "2188"]
[BlackElo "2328"]
[EventDate "2004.12.27"]
[PlyCount "124"]

1.Nf3 Nf6 2.c4 e6 3.g3 d5 4.Bg2 Be7 5.O-O O-O 6.d4 dxc4 7.Qa4 a6 8.Qxc4 b5
9.Qc2 Bb7 10.Bd2 Be4 11.Qc1 Nbd7 12.Ba5 Rc8 13.Nc3 Ba8 14.a4 b4 15.Na2 Nd5
16.b3 Nb8 17.Qc4 Qd6 18.e4 Nb6 19.Qxb4 Bxe4 20.Qxd6 Bxd6 21.Nb4 Rfd8 22.
Rac1 Nd5 23.Nxd5 Bxd5 24.Nd2 Bxg2 25.Kxg2 Nd7 26.Rc6 Nb8 27.Rc4 Rd7 28.
Rfc1 c6 29.Bb6 Bc7 30.Bxc7 Rcxc7 31.b4 Rd5 32.Nb3 Rcd7 33.Kf3 g5 34.Ke3 
Kg7 35.R1c3 Kg6 36.Rc5 Rb7 37.R3c4 Nd7 38.Rxc6 Nb6 39.R4c5 Rd8 40.b5 Nxa4 
41.b6 Rxb6 42.Rxb6 Nxb6 43.Rc6 Rd6 44.Rc5 Nd5+ 45.Kf3 Rb6 46.Nd2 h5 47.h3 
Kg7 48.Rc8 Rb2 49.Ke2 a5 50.Ra8 Nb6 51.Rb8 a4 52.Kd3 a3 53.Rb7 a2 54.Ra7 
Nd5 55.f3 Nb4+ 56.Kc3 Rc2+ 57.Kxb4 Rxd2 58.g4 Rxd4+ 59.Kc5 Rf4 60.Rxa2 
Rxf3 61.Rh2 hxg4 62.hxg4 Rg3 0-1